| 000 | 01011cam a2200409 4500 | ||
|---|---|---|---|
| 001 | ABS68108 | ||
| 008 | 040827n2004 000 0 eng u | ||
| 035 | _a(Sirsi) u127181 | ||
| 245 | _aRegional survey: Greece and the Balkan markets | ||
| 260 | _c2004 | ||
| 490 |
_aProperty Week _v69(33/34) 13 August 2004, 41-54(12) |
||
| 590 | _aABS | ||
| 590 | _aABS | ||
| 650 | _aGREECE | ||
| 650 | _aBALKANS | ||
| 650 | _aSARAJEVO | ||
| 650 | _aBOSNIA | ||
| 650 | _aBELGRADE | ||
| 650 | _aBUCHAREST | ||
| 650 | _aBUDAPEST | ||
| 650 | _aISTANBUL | ||
| 650 | _aMOSCOW | ||
| 650 | _aPRAGUE | ||
| 650 | _aSOFIA | ||
| 650 | _aWARSAW | ||
| 650 | _aROMANIA | ||
| 650 | _aCROATIA | ||
| 650 | _aBULGARIA | ||
| 650 | _aOLYMPIC GAMES | ||
| 650 | _aFOREIGN INVESTMENT | ||
| 650 | _aATHENS | ||
| 650 | _aOFFICE MARKET | ||
| 650 | _aPROPERTY-COMMERCIAL PROPERTY-RETAIL PROPERTY-RETAIL PROPERTY MARKET | ||
| 650 | _aINDUSTRIAL MARKET | ||
| 690 | _aCOMMERCIAL PROPERTY-MARKET | ||
| 942 | _n0 | ||
| 999 |
_c117911 _d117911 |
||